| 000 | 00770nam a2200229 a 4500 | ||
|---|---|---|---|
| 005 | 20240529063625.0 | ||
| 008 | 991125s1979 es 000 0 spa u | ||
| 020 | _a8436213327 | ||
| 035 | _aUPN01000019013 | ||
| 049 | _aCG | ||
| 050 | 4 |
_aMT870 _bS2.3 |
|
| 100 | 1 | _aSanuy Simón, Montserrat | |
| 245 | 1 | 4 |
_aLos elementos musicales y su aplicación : _bsolfeo y flauta / _cpor Montserrat Sanuy Simón. |
| 260 |
_aMadrid : _bUNED, _c1979. |
||
| 300 | _a160 p. | ||
| 440 | 0 |
_aMúsica y dramatización ; _v1 |
|
| 500 | _a"Ministerio de Universidades e Investigación" | ||
| 500 | _a"Programa Nacional de Especialización del Profesorado de Educación General Básica" | ||
| 650 | 4 |
_aSolfeo _923613 |
|
| 650 | 4 |
_aFLAUTA - _xESTUDIO Y ENSEÑANZA _923848 |
|
| 905 | _aLibro | ||
| 999 |
_c19013 _d19013 |
||